Belgische voetbalkampioenen - Statistieken

Algemene statistieken
  • Deze quiz is 145 keer genomen
  • De gemiddelde score is 9 van 16
Antwoordstatistieken
Aantal Kampioen % Correct
34 RSC Anderlecht
100%
19 Club Brugge KV
97%
5 Royal Antwerp FC
86%
1 KAA Gent
79%
4 KRC Genk
76%
7 K. Beerschot VAC
60%
3 Cercle Brugge KSV
56%
4 KV Mechelen
56%
10 Standard de Liège
56%
4 Lierse SK
50%
1 RWD Molenbeek
46%
12 R. Union Saint-Gilloise
45%
2 KSK Beveren
30%
5 RFC Liège
8%
5 Daring de Bruxelles
4%
6 Racing de Bruxelles
2%
Geen overeenkomende quizzen gevonden
Scoreverdeling
Procent van Mensen met Elke Score
Percentiel versus Aantal Correcte Antwoorden
Uw Scoregeschiedenis
U heeft deze quiz nog niet genomen